Normal view
MARC view
- الاقتصاد الاسلامي - الاسلام والاستثمار - البورصات - فقة اسلامي
Entry Topical Term
001 - CONTROL NUMBER
- control field: 51190
003 - CONTROL NUMBER IDENTIFIER
- control field: JO-AjAnu
005 - DATE AND TIME OF LATEST TRANSACTION
- control field: 20230606082425.0
008 - FIXED-LENGTH DATA ELEMENTS
- fixed length control field: 230606|| aca||aabn | a|a d
040 ## - CATALOGING SOURCE
- Original cataloging agency: JO-AjAnu
- Transcribing agency: JO-AjAnu
150 ## - HEADING--TOPICAL TERM
- Topical term or geographic name entry element: الاقتصاد الاسلامي - الاسلام والاستثمار - البورصات - فقة اسلامي
670 ## - SOURCE DATA FOUND
- Source citation: Work cat.: (JO-AjAnu)26163: الهيتي، قيصر عبد الكريم, author 51189, أساليب الإستثمار الإسلامي وأثرها على الأسواق المالية: البورصات